Sports Quiz

Random Sports or Baseball Quiz
Score 0/33 Timer 07:00
6 Plays Today
Year Pitcher % Correct
2002Randy Johnson
96.1%
2001Randy Johnson
96.1%
2004Curt Schilling
87.9%
2002Curt Schilling
87.9%
2001Curt Schilling
87.9%
2008Roy Halladay
87.5%
2003Roy Halladay
87.5%
2008Cliff Lee
84.3%
2001Roger Clemens
81.9%
2005Chris Carpenter
81.4%
2007Josh Beckett
79.3%
2002Pedro Martinez
74.8%
2005Roy Oswalt
74.7%
2004Roy Oswalt
74.7%
2002Barry Zito
73.6%
2000Tom Glavine
73%
2004Johan Santana
72.9%
Year Pitcher % Correct
2008Brandon Webb
71.7%
2000Tim Hudson
63.3%
2008Mike Mussina
61.8%
2005Dontrelle Willis
55.1%
2001Mark Mulder
53.7%
2003Andy Pettitte
50.5%
2002Derek Lowe
39.4%
2005Bartolo Colon
39%
2003Jamie Moyer
36.9%
2001Jamie Moyer
36.9%
2000David Wells
32.4%
2001Matt Morris
21%
2003Esteban Loaiza
16.8%
2000Darryl Kile
15.2%
2003Russ Ortiz
13.5%
2001Jon Lieber
11.3%
Come Together.
Have Fun.
All Virtual.
We all need to come together. Play Sporcle's virtual live trivia to have fun, connect with people, and get your trivia on. Join a live hosted trivia game for your favorite pub trivia experience done virtually. If a virtual private party is more your thing, go here for details.

You're not logged in!

Compare scores with friends on all Sporcle quizzes.
OR
Log In

Sporcle TV

Today on Sporcle TV


Watch our educational content, quiz creation guides, and fun videos on Sporcle TV.

Show Comments

Extras

Top Quizzes Today


Score Distribution

Paid Content

Your Account Isn't Verified!

In order to create a playlist on Sporcle, you need to verify the email address you used during registration. Go to your Sporcle Settings to finish the process.

Report this User

Report this user for behavior that violates our Community Guidelines.

Details: